Journal of Economic Theory

Saved in:
Bibliographic Details
Format: Serial
Language:English
Published: New York Elsevier 2018
Tags: Add Tag
No Tags, Be the first to tag this record!

MARC

LEADER 00000nas2a2200000 4500
001 0248130
005 20230130134549.3
022 |a 0022-0531 
041 0 |a eng 
044 |a US 
245 1 0 |a Journal of Economic Theory 
264 1 |a New York  |b Elsevier  |c 2018 
773 0 |w eu_un_cat*s124969 
774 0 |w eu_un_cat*0290669